00936nam a2200181 a 450000100100000000500170001000800410002704000250006808200150009310000340010824500530014226000840019530000290027995201190030895201130042795201970054099900170073700002936120200930055512.0110415s1991 dr a 000 p spa d aDO-SdBNPbspacBNPHU axxxbG594a1 aGoede, Johanna,d1955-95148210aAún no se que nombre ponerle /cJohanna Goede. aSantiago de los Caballeros, República Dominicana :bImpresora Central,c1991. a[65 p.] :bil. ;c22 cm. 0010718DSaGRbGRcCTd2019-05-23iLF1l0oxxx G594ap29361-30r2020-06-25te. 3w2020-06-25yLFDSZNo se presta 0010718PDaPDbPDcCTd2011-04-15iLF1l0oxxx G594ap29361-10r2020-06-25w2020-06-25yLFPDZNo se presta 0010718PDaPDbPDcCTd2015-07-08iLF1l0oxxx G594ap29361-20r2020-06-25te. 2w2020-06-25yLFPDzPerteneció a la biblioteca personal de Chiqui Vicioso / Fidelio Despradel.ZNo se presta c28853d28853